<?xml version="1.0" encoding="UTF-8"?><marc:collection xmlns:marc="http://www.loc.gov/MARC21/slim">
  <marc:record>
    <marc:leader>00000nam##2200000za#4500</marc:leader>
    <marc:controlfield tag="001">9.643215</marc:controlfield>
    <marc:controlfield tag="003">CaOODSP</marc:controlfield>
    <marc:controlfield tag="005">20210624224051</marc:controlfield>
    <marc:controlfield tag="007">cr |||||||||||</marc:controlfield>
    <marc:controlfield tag="008">150407|1994||||xxc|||||o    f|0| 0 fre|d</marc:controlfield>
    <marc:datafield tag="040" ind1=" " ind2=" ">
      <marc:subfield code="a">CaOODSP</marc:subfield>
      <marc:subfield code="b">fre</marc:subfield>
    </marc:datafield>
    <marc:datafield tag="043" ind1=" " ind2=" ">
      <marc:subfield code="a">n-cn---</marc:subfield>
    </marc:datafield>
    <marc:datafield tag="086" ind1="1" ind2=" ">
      <marc:subfield code="a">En37-109/1994F-PDF</marc:subfield>
    </marc:datafield>
    <marc:datafield tag="110" ind1="1" ind2=" ">
      <marc:subfield code="a">Canada. </marc:subfield>
      <marc:subfield code="b">Environnement Canada.</marc:subfield>
    </marc:datafield>
    <marc:datafield tag="245" ind1="1" ind2="0">
      <marc:subfield code="a">Surveillance de la qualité des eaux de surface : </marc:subfield>
      <marc:subfield code="h">[ressource électronique]</marc:subfield>
      <marc:subfield code="b">guide à l'intention des citoyens, des étudiants et des communautés du Canada atlantique / </marc:subfield>
      <marc:subfield code="c">rédacteurs : Hugh J. O'Neill, Matthew McKim, Dr. John Allen, et Jerry Choate ; dans le cadre de l'Accord Canada-Nouveau-Brunswick sur la gestion des ressources en eau à des fins de développement économique. </marc:subfield>
    </marc:datafield>
    <marc:datafield tag="246" ind1="1" ind2=" ">
      <marc:subfield code="a">Entente Canada - Nouveau-Brunswick Eau/Économie</marc:subfield>
    </marc:datafield>
    <marc:datafield tag="260" ind1=" " ind2=" ">
      <marc:subfield code="a">Ottawa - Ontario : </marc:subfield>
      <marc:subfield code="b">Environnement Canada </marc:subfield>
      <marc:subfield code="c">[1994].</marc:subfield>
    </marc:datafield>
    <marc:datafield tag="300" ind1=" " ind2=" ">
      <marc:subfield code="a">107p.</marc:subfield>
      <marc:subfield code="b">glossaire, références, tableau</marc:subfield>
    </marc:datafield>
    <marc:datafield tag="500" ind1=" " ind2=" ">
      <marc:subfield code="a">Sous-titre, p.2 de 107 : Guide à l'intention des particuliers, des étudiants et des collectivités des provinces canadiennes de l'Atlantique. Le n° de catalogue (EN37-109-1994E) et l'ISBN (0-662-21530-3) de l'édition imprimée en anglais ont été incorrectement copiés dans l'édition électronique.</marc:subfield>
    </marc:datafield>
    <marc:datafield tag="590" ind1=" " ind2=" ">
      <marc:subfield code="a">14-21-Supp</marc:subfield>
      <marc:subfield code="b">2014-12-11</marc:subfield>
    </marc:datafield>
    <marc:datafield tag="691" ind1="0" ind2="7">
      <marc:subfield code="a">Eau de surface</marc:subfield>
      <marc:subfield code="2">gcpds</marc:subfield>
    </marc:datafield>
    <marc:datafield tag="691" ind1="0" ind2="7">
      <marc:subfield code="a">Gestion de l'environnement</marc:subfield>
      <marc:subfield code="2">gcpds</marc:subfield>
    </marc:datafield>
    <marc:datafield tag="691" ind1="0" ind2="7">
      <marc:subfield code="a">Qualité de l'eau</marc:subfield>
      <marc:subfield code="2">gcpds</marc:subfield>
    </marc:datafield>
    <marc:datafield tag="775" ind1="0" ind2="8">
      <marc:subfield code="t">Monitoring surface water quality : </marc:subfield>
      <marc:subfield code="w">(CaOODSP)9.699242</marc:subfield>
    </marc:datafield>
    <marc:datafield tag="856" ind1="4" ind2="0">
      <marc:subfield code="a">http://publications.gc.ca</marc:subfield>
      <marc:subfield code="q">PDF</marc:subfield>
      <marc:subfield code="s">368 Ko</marc:subfield>
      <marc:subfield code="u">https://publications.gc.ca/collections/collection_2014/ec/En37-109-1994-fra.pdf</marc:subfield>
    </marc:datafield>
  </marc:record>
</marc:collection>
